000 00434nam a2200121Ia 4500
008 220620s9999||||xx |||||||||||||| ||und||
245 0 _aMaxillofacial Surgery and Craniofacial Deformity
_bPractices and Updates
546 _aEnglish[eng]
650 _aOral & maxillofacial surgery
700 _aAhmad Almasri, Mazen||Kummoona, Raja
856 _uhttps://mts.intechopen.com/storage/books/7928/authors_book/authors_book.pdf
942 _cEB
999 _c26521
_d26521